000 00501nam a2200193Ia 4500
008 151119s9999||||xx |||||||||||||| ||und||
082 _a928.9146
082 _bGKKV26899
100 _aचांदोरकर स्वाती
245 _aवपु
260 _a--
260 _b--
260 _c2007
600 _aचांदोरकर स्वाती
630 _aवपु
700 _aचांदोरकर स्वाती
730 _aवपु
942 _cBOOK
999 _c1079356
_d1079353